| 000 | 00541nam a2200169 i 4500 | ||
|---|---|---|---|
| 001 | 33213 | ||
| 003 | ES-MaACL | ||
| 005 | 20230906154722.0 | ||
| 007 | t| | ||
| 008 | 030201s1879 fr ||||1| fre d | ||
| 245 | 0 | 0 |
_aBibliothèque du comité de législation étrangère _b: catalogue Juillet 1879. |
| 260 |
_aParis : _b[s.n., _c1879] ( _fImp. Nationale) |
||
| 300 |
_aXXVIII, 318 p. ; _c25 cm. |
||
| 500 | _aPrecede al tít.: Ministère de la Justicie. | ||
| 710 | 1 |
_aFrance. _bMinistère de la justice. _94156 |
|
| 852 |
_aES-MaACL _jA-118 |
||
| 999 |
_c33213 _d33213 |
||